| 000 | 00363nam a2200097Ia 4500 | ||
|---|---|---|---|
| 008 | 220216s9999 xx 000 0 und d | ||
| 100 | _aGupta B R | ||
| 245 | 0 | _aRheology of polymer melts: Development modified power law model | |
| 260 |
_bProceedings of the International Conference on Rubbers, Calcutta, December 12-14, 1997, Vol. II, pp. 94-98. _c1997 |
||
| 942 | _cJS | ||
| 999 |
_c67085 _d67085 |
||